APEC Schools

Kidnapped / (Record no. 170)

000 -LEADER
fixed length control field 00966pam a2200313 a 4500
005 - DATE AND TIME OF LATEST TRANSACTION
control field 20170914025824.0
008 - FIXED-LENGTH DATA ELEMENTS--GENERAL INFORMATION
fixed length control field 120515s2012 enk j 000 1 eng d
020 ## - IDENTIFIER FOR THE MANIFESTATION
Identifier for the Manifestation 9780099573739
Binding paperback
040 ## - CATALOGING SOURCE
Language of Cataloging eng
Transcribing Agency APEC Schools Library
Description Conventions rda
082 04 - DEWEY DECIMAL CLASSIFICATION NUMBER
Classification number FIC
Author's Number St481k 2012
100 1# - CREATOR
Preferred Name of the Person Stevenson, Robert Louis,
Dates Associated with the Person 1850-1894,
245 10 - TITLE AND STATEMENT OF RESPONSIBILITY
Preferred Title Proper Kidnapped /
Statement of Responsibility/Parallel Statement of Responsibility Robert Louis Stevenson.
250 ## - EDITION STATEMENT
Designation of Edition/Designation of a Named Revision of an Edition Everlasting unabridged
264 ## - PUBLICATION STATEMENT
Place of publication, distribution, etc New Delhi, India :
Publisher's Name/Parallel Publisher's Name BPI India Pvt. ,
Copyright ©2012
Date of Publication [2012]
300 ## - PHYSICAL DESCRIPTION
Extent 225 pages ;
Dimensions 19 cm
336 ## - RDA CONTENT
Content Type text
Source rdacontent
337 ## - RDA MEDIA
Media Type unmediated
Source rdamedia
338 ## - RDA CARRIER
Carrier Type volume
Source rdacarrier
520 ## - SUMMARIZATION OF THE CONTENT
Summarization of the Content "Kidnapped tells the story of David Balfour, a young man of the Lowlands, the southern part of Scotland. David's father, Alexander Balfour, has recently died, and his mother died sometime before, so he is now an orphan. Since he is now seventeen years old, he has decided it is time to go and seek his fortune"--
650 #0 - ADDED SUBJECT ACCESS POINT - TOPICAL TERM
Topical Term Jacobites
Form Subdivision Juvenile fiction.
651 #0 - ADDED SUBJECT ACCESS POINT - GEOGRAPHIC NAME
Topical Term Scotland
General Subdivision History
Chronological Subdivision 18th century
Form Subdivision Juvenile fiction.
942 ## - ADDED ENTRY ELEMENTS (KOHA)
Source of Classification
Koha Item Type Fiction
Holdings
Library Site Location Shelving Location Source of Acquisition Full Classification Number Accession Number Koha Item Type
APEC Muntinlupa Library APEC Muntinlupa Library Fiction Institutional Fund FIC St481k 2012 B01-0000041 Fiction
APEC New Manila Library APEC New Manila Library Fiction Institutional Fund FIC St481k 2012 C03-0000042 Fiction

Powered by Koha